<?xml version="1.0" encoding="UTF-8"?>
<record
    xmlns:xsi="http://www.w3.org/2001/XMLSchema-instance"
    xsi:schemaLocation="http://www.loc.gov/MARC21/slim http://www.loc.gov/standards/marcxml/schema/MARC21slim.xsd"
    xmlns="http://www.loc.gov/MARC21/slim">

  <leader>00285nam a22001217a 4500</leader>
  <datafield tag="040" ind1=" " ind2=" ">
    <subfield code="c">HS</subfield>
  </datafield>
  <datafield tag="082" ind1=" " ind2=" ">
    <subfield code="a">631</subfield>
  </datafield>
  <datafield tag="100" ind1=" " ind2=" ">
    <subfield code="a">&#x178F;&#x17D2;&#x179A;&#x17B6;&#x1793; &#x1780;&#x17B6;&#x1789;&#x17CB;</subfield>
  </datafield>
  <datafield tag="245" ind1=" " ind2=" ">
    <subfield code="a">lexique pedologique trilingue</subfield>
  </datafield>
  <datafield tag="260" ind1=" " ind2=" ">
    <subfield code="a">Paris</subfield>
    <subfield code="b">&#x178F;&#x17D2;&#x179A;&#x17B6;&#x1793;&#x200B; &#x1780;&#x17B6;&#x1789;&#x17CB;</subfield>
    <subfield code="c">1997</subfield>
  </datafield>
  <datafield tag="300" ind1=" " ind2=" ">
    <subfield code="a">218p;</subfield>
  </datafield>
  <datafield tag="942" ind1=" " ind2=" ">
    <subfield code="c">KB</subfield>
  </datafield>
  <datafield tag="999" ind1=" " ind2=" ">
    <subfield code="c">8859</subfield>
    <subfield code="d">8859</subfield>
  </datafield>
  <datafield tag="952" ind1=" " ind2=" ">
    <subfield code="0">0</subfield>
    <subfield code="1">0</subfield>
    <subfield code="4">0</subfield>
    <subfield code="6">631_000000000000000_&#x178F;&#x179A;&#x17B6;&#x1793;_1997_C236</subfield>
    <subfield code="7">0</subfield>
    <subfield code="9">49853</subfield>
    <subfield code="a">LBC</subfield>
    <subfield code="b">LBC</subfield>
    <subfield code="c">C236</subfield>
    <subfield code="d">2016-08-18</subfield>
    <subfield code="o">631 &#x178F;&#x17D2;&#x179A;&#x17B6;&#x1793; 1997 C236</subfield>
    <subfield code="p">RUA061477</subfield>
    <subfield code="r">2016-08-18</subfield>
    <subfield code="y">KB</subfield>
  </datafield>
  <datafield tag="952" ind1=" " ind2=" ">
    <subfield code="0">0</subfield>
    <subfield code="1">0</subfield>
    <subfield code="4">0</subfield>
    <subfield code="6">631_000000000000000_&#x178F;&#x179A;&#x17B6;&#x1793;_1997_C236</subfield>
    <subfield code="7">0</subfield>
    <subfield code="9">49854</subfield>
    <subfield code="a">LBC</subfield>
    <subfield code="b">LBC</subfield>
    <subfield code="c">C236</subfield>
    <subfield code="d">2016-08-18</subfield>
    <subfield code="o">631 &#x178F;&#x17D2;&#x179A;&#x17B6;&#x1793; 1997 C236</subfield>
    <subfield code="p">RUA061332</subfield>
    <subfield code="r">2016-08-18</subfield>
    <subfield code="y">KB</subfield>
  </datafield>
</record>
